000 00916nam a22002291i 4500
001 000030319
003 RuMoIPM
005 20260415124024.0
008 130416s1958----ur | c rus
040 _aRuMoIPM
_brus
_ercr
041 0 _arus
080 _a51-8
080 _a51
100 1 _aКордемский, Борис Анастасьевич
245 1 _aОчерки о математических задачах на смекалку
_bПособие для учителей
_cБ. А. Кордемский
260 _aМосква
_bУчпедгиз
_c1958
300 _a116 с.
_bчерт.
504 _aКраткий перечень книг, содержащих матем. упражнения для внеучебных занятий: с. 114-115 (60 назв.)
650 _2psbo
_aМатематика
650 _2psbo
_aМатематика занимательная
942 _cBK
999 _c30319
_d30319